Loading...
| Current Events | 1 | 10.00 | 100% | 0% | 0% |
| Fine Arts - Auditory Fine Arts | 6 | 6.67 | 67% | 0% | 0% |
| Fine Arts - Other Fine Arts | 3 | 6.67 | 67% | 0% | 0% |
| Fine Arts - Visual Fine Arts | 6 | 10.00 | 83% | 17% | 0% |
| Geography | 2 | 10.00 | 100% | 0% | 0% |
| History - American History | 4 | 10.00 | 100% | 0% | 0% |
| History - European History | 4 | 22.50 | 100% | 75% | 50% |
| History - Other History | 7 | 10.00 | 100% | 0% | 0% |
| History - World History | 2 | 15.00 | 100% | 50% | 0% |
| Literature - American Literature | 5 | 8.00 | 80% | 0% | 0% |
| Literature - British Literature | 3 | 16.67 | 67% | 67% | 33% |
| Literature - European Literature | 2 | 10.00 | 100% | 0% | 0% |
| Literature - World Literature | 5 | 10.00 | 80% | 20% | 0% |
| Mythology | 3 | 13.33 | 100% | 33% | 0% |
| Other Academic | 1 | 10.00 | 100% | 0% | 0% |
| Philosophy | 1 | 10.00 | 100% | 0% | 0% |
| Religion | 4 | 10.00 | 100% | 0% | 0% |
| Science - Biology | 4 | 7.50 | 75% | 0% | 0% |
| Science - Chemistry | 4 | 0.00 | 0% | 0% | 0% |
| Science - Other Science | 3 | 10.00 | 100% | 0% | 0% |
| Science - Physics | 4 | 15.00 | 100% | 50% | 0% |
| Social Science | 6 | 11.67 | 83% | 33% | 0% |